[Event "RUS-ch U16"]
[Site "Dagomys"]
[Date "2004.04.??"]
[Round "?"]
[White "Vitaljski, Artiom"]
[Black "Erofeev, Alexey"]
[Result "1-0"]
[WhiteElo "2210"]
[BlackElo "2131"]
[PlyCount "70"]
[EventDate "2004.04.??"]
[EventType "swiss"]
[EventRounds "10"]
[EventCountry "RUS"]
[SourceTitle "EXT 2005"]
[Source "ChessBase"]
[SourceDate "2004.11.15"]
[SourceVersion "1"]
[SourceVersionDate "2004.11.15"]
[SourceQuality "1"]

1. e4 e6 2. d4 d5 3. Nc3 Bb4 4. e5 Ne7 5. a3 Bxc3+ 6. bxc3 c5 7. Qg4 0-0 8. Bd3 c4 9. Bh6 Ng6 10. Bxg6 fxg6 11. Be3 Qa5 12. Kd2 Nc6 13. h4 Ne7 14. Nf3 h6 15. Ng1 Qa4 16. Ne2 Qe8 17. f4 h5 18. Qf3 Nf5 19. g4 Nh6 20. gxh5 gxh5 21. Rag1 Ng4 22. Ng3 g6 23. Nf1 Rf5 24. Nh2 Nxh2 25. Rxh2 Bd7 26. Rhg2 Kh7 27. Qg3 Qf7 28. Qxg6+ Qxg6 29. Rxg6 Rd8 30. Rg7+ Kh8 31. Re7 a5 32. Rgg7 Be8 33. Rh7+ Kg8 34. Reg7+ Kf8 35. Rxb7 Bf7 1-0